00472nam a2200193 a 4500001001300000003000900013005001700022008004100039020001000080082001800090100002000108245003300128260003000161300000900191500003500200505000800235650001500243700002000258nice12345678IN_TiNIC20260116011545.0050524s1905 lona grp 000 0 eng  ac10000a297.0955bMAL aMalcolm, Napier aFive Years in a Persian Town aLondonbJohn Murrayc1905 a236p aincludes index and biblioraphy2 aIll aIslam-Iran1 aMalcolm, Napier